000
00248nam a2200097Ia 4500
008
231212s1993 xx 000 0 und d
041
_a
eng
100
_a
Gulati R.R.
245
_a
Monochrome And Colour Television
260
_a
New Delhi
_b
Wiley E
_c
1993
999
_c
963175
_d
963175